000 01276nam0a22002771 4500
001 rc\4473967
005 20130416165538.9
035 _a(NLR Aleph) 008331189
090 _a8818179
_c8818179
100 _a20130416d1964 |||y0rusy50 ca
101 0 _arus
102 _aRU
105 _ay j |||||
200 1 _aУчебно-методическая работа на Красноуральском медеплавильном комбинате
_fРСФСР. Совнархоз Сред.-Уральского экон. района. Свердл. ин-т техн. обучения и повышения квалификации ИТР цвет. металлургии
210 _aСвердловск
_cБ. и.
_d1964
215 _a27 с.
_d20
300 _aНа обороте тит. л. сост.: И.Н. Журавлев и Н.И. Неволина
333 _aРассылается по списку
702 1 _aЖуравлев
_bИ. Н.
_4220
702 1 _aНеволина
_bН. И.
_4220
710 0 2 _aКрасноуральский медеплавильный комбинат им. С. Орджоникидзе
_3RU\NLR\AUTH\8810163404
801 0 _aRU
_bNLR
_gpsbo
801 1 _aRU
_bELAR
_2rusmarc
852 _aNLR
_j64-4/19144
942 _cBOOK
980 _aNB